[Event "Maresme op 15th"]
[Site "Maresme"]
[Date "2018.12.01"]
[Round "9"]
[White "Garcia Abreu, Juan"]
[Black "Agapito Garrido, Bernat"]
[Result "0-1"]
[WhiteElo "1324"]
[BlackElo "1450"]
[PlyCount "58"]
[EventDate "2018.09.29"]
[EventType "swiss"]
[EventRounds "9"]
[EventCountry "ESP"]
[SourceTitle "EXT 2024"]
[Source "ChessBase"]
[SourceDate "2023.10.10"]
[SourceVersion "1"]
[SourceVersionDate "2023.10.10"]
[SourceQuality "1"]

1. e4 e5 2. d4 exd4 3. Nf3 Nc6 4. Bc4 Bc5 5. 0-0 d6 6. Bf4 Nf6 7. Bg5 0-0 8. a3 Bg4 9. h3 Bh5 10. Be2 Re8 11. Nbd2 Bg6 12. Bd3 h6 13. Bh4 Qe7 14. Re1 Rad8 15. e5 dxe5 16. Bb5 e4 17. Qc1 Qd6 18. Nc4 Qd5 19. Nfd2 a6 20. Bxf6 gxf6 21. Bxc6 Qxc6 22. b4 Bf8 23. Na5 Qd5 24. Nab3 c6 25. Qd1 e3 26. fxe3 dxe3 27. Nf3 Qxd1 28. Raxd1 Rxd1 29. Rxd1 Bxc2 0-1

[Event "Maresme op 15th"]
[Site "Maresme"]
[Date "2018.11.17"]
[Round "7"]
[White "Navarro Palomas, Mario"]
[Black "Garcia Abreu, Juan"]
[Result "1-0"]
[WhiteElo "1476"]
[BlackElo "1324"]
[PlyCount "63"]
[EventDate "2018.09.29"]
[EventType "swiss"]
[EventRounds "9"]
[EventCountry "ESP"]
[SourceTitle "EXT 2024"]
[Source "ChessBase"]
[SourceDate "2023.10.10"]
[SourceVersion "1"]
[SourceVersionDate "2023.10.10"]
[SourceQuality "1"]

1. e4 e6 2. Qe2 d5 3. exd5 Nf6 4. dxe6 Bxe6 5. Nf3 h6 6. Qb5+ Nbd7 7. g3 Qe7 8. Qe2 Qc5 9. d4 Qc6 10. Bg2 Bd6 11. 0-0 0-0 12. b3 Rae8 13. Qd3 Nd5 14. c4 Nb4 15. Qd2 Qb6 16. c5 Bxc5 17. dxc5 Nxc5 18. Bb2 Ne4 19. Qd4 Qxd4 20. Nxd4 c5 21. Nxe6 Rxe6 22. Bxe4 Rxe4 23. Nc3 Re6 24. Rad1 a6 25. a3 Nc6 26. Na4 Re2 27. Ba1 Rc2 28. Rc1 Rxc1 29. Rxc1 Na5 30. Nxc5 Rc8 31. b4 Nb3 32. Nxb3 1-0

[Event "Maresme op 15th"]
[Site "Maresme"]
[Date "2018.10.06"]
[Round "2"]
[White "Gomez Jorge, Felix"]
[Black "Garcia Abreu, Juan"]
[Result "0-1"]
[WhiteElo "1609"]
[BlackElo "1324"]
[PlyCount "98"]
[EventDate "2018.09.29"]
[EventType "swiss"]
[EventRounds "9"]
[EventCountry "ESP"]
[SourceTitle "EXT 2020"]
[Source "ChessBase"]
[SourceDate "2019.10.17"]
[SourceVersion "1"]
[SourceVersionDate "2019.10.17"]
[SourceQuality "1"]

1. d4 c5 2. d5 Nf6 3. c4 e6 4. Nc3 a6 5. a4 Be7 6. Nf3 h6 7. e4 d6 8. Be2 0-0 9. 0-0 Nbd7 10. h3 Nh7 11. Be3 e5 12. Qc2 b6 13. Ne1 Bg5 14. Nd1 Re8 15. Nd3 Ndf8 16. g4 Ng6 17. Ra3 Rf8 18. f4 exf4 19. Nxf4 Bxf4 20. Bxf4 Nxf4 21. Rxf4 Qh4 22. Qd3 Qg5 23. Qg3 Qe5 24. Rff3 Qd4+ 25. Rfe3 Ng5 26. Rad3 Qxc4 27. Qxd6 Qxa4 28. Qxb6 Qb4 29. Qxb4 cxb4 30. Rd4 a5 31. b3 f6 32. Bc4 Ba6 33. Nb2 Bxc4 34. Nxc4 Rfd8 35. Rdd3 Kf8 36. h4 Nf7 37. Re1 Nd6 38. Nxd6 Rxd6 39. Rc1 Ke7 40. Rd4 Kd7 41. Rdc4 Ra7 42. Kf2 Rb6 43. Ke3 a4 44. bxa4 Rxa4 45. Rc7+ Kd6 46. Rxg7 b3 47. Kf4 b2 48. Rcc7 Rxe4+ 49. Kf5 Re5+ 0-1

[Event "Mataro Maresme op-B 13th"]
[Site "Mataro"]
[Date "2016.11.26"]
[Round "8"]
[White "Garcia Ahumada, Lluis"]
[Black "Garcia Abreu, Juan"]
[Result "1-0"]
[WhiteElo "1375"]
[BlackElo "1279"]
[PlyCount "105"]
[EventDate "2016.10.08"]
[EventType "swiss"]
[EventRounds "9"]
[EventCountry "ESP"]
[SourceTitle "EXT 2018"]
[Source "ChessBase"]
[SourceDate "2017.10.13"]
[SourceVersion "1"]
[SourceVersionDate "2017.10.13"]
[SourceQuality "1"]

1. e4 g6 2. d4 Bg7 3. Nc3 d6 4. h3 Nf6 5. Nf3 c5 6. Be3 cxd4 7. Bxd4 Nbd7 8. Be2 0-0 9. 0-0 e5 10. Be3 Nc5 11. Bd3 a6 12. Qd2 h5 13. Rad1 b5 14. Bg5 Kh7 15. Be2 Bb7 16. Qxd6 Qxd6 17. Rxd6 Nfxe4 18. Nxe4 Nxe4 19. Rd7 Bc6 20. Re7 Bh6 21. Bxh6 Kxh6 22. Nxe5 Bd5 23. Rd1 Nf6 24. Bf3 Bxf3 25. Nxf3 Rfe8 26. Rxf7 Ne4 27. Rdd7 Rh8 28. g4 Raf8 29. Rde7 hxg4 30. hxg4 Ng5 31. Nxg5 Kxg5 32. f3 Rd8 33. Re5+ Kh4 34. Re2 Rd1+ 35. Kf2 Kg5 36. Re5+ Kh4 37. Rf6 Rhd8 38. Rxg6 R8d2+ 39. Re2 Rxe2+ 40. Kxe2 Rb1 41. b3 Rb2 42. Rxa6 Rxc2+ 43. Kd3 Rf2 44. Ke3 Kg3 45. g5 Rxf3+ 46. Ke4 Rf4+ 47. Ke5 Rg4 48. g6 Rg5+ 49. Kf6 Rg4 50. g7 Kh4 51. Kf7 Rf4+ 52. Rf6 Rxf6+ 53. Kxf6 1-0

[Event "Mataro Maresme op-B 13th"]
[Site "Mataro"]
[Date "2016.11.05"]
[Round "5"]
[White "Garcia Abreu, Juan"]
[Black "Puig Vila, Esteve"]
[Result "0-1"]
[WhiteElo "1279"]
[BlackElo "1612"]
[PlyCount "108"]
[EventDate "2016.10.08"]
[EventType "swiss"]
[EventRounds "9"]
[EventCountry "ESP"]
[SourceTitle "EXT 2018"]
[Source "ChessBase"]
[SourceDate "2017.10.13"]
[SourceVersion "1"]
[SourceVersionDate "2017.10.13"]
[SourceQuality "1"]

1. e4 e5 2. Nf3 d6 3. Bc4 Be7 4. Nc3 Nf6 5. h3 0-0 6. d4 exd4 7. Nxd4 c6 8. Bf4 Nbd7 9. Nf5 Ne5 10. Nxe7+ Qxe7 11. Bd3 Be6 12. b3 Rad8 13. Qe2 Rfe8 14. Bxe5 dxe5 15. 0-0-0 Qb4 16. Nb1 a5 17. Qd2 Qd6 18. Nc3 Qc7 19. g4 c5 20. Qe2 Re7 21. g5 Ne8 22. Bc4 Bxc4 23. Qxc4 Rxd1+ 24. Rxd1 Qc8 25. Nd5 Re6 26. Qb5 Nd6 27. Qe2 Kf8 28. c4 Qc6 29. a4 Ne8 30. Qh5 h6 31. gxh6 Rxh6 32. Qxe5 Rxh3 33. Ne7 Qc7 34. Qxc7 Nxc7 35. Nd5 Ne6 36. Kb2 Nd4 37. Nc3 Rf3 38. Rd2 Ke8 39. Nb5 Rxb3+ 40. Ka2 Rb4 41. Nxd4 cxd4 42. Rxd4 Ke7 43. Ka3 b6 44. f3 Rb1 45. Rd3 Ke6 46. Rb3 Rxb3+ 47. Kxb3 Ke5 48. Kc3 Kf4 49. Kd4 g5 50. c5 bxc5+ 51. Kxc5 Kxf3 52. Kb6 g4 53. Kxa5 g3 54. Kb5 g2 0-1